<?xml version="1.0" encoding="UTF-8"?>
<record
    xmlns:xsi="http://www.w3.org/2001/XMLSchema-instance"
    xsi:schemaLocation="http://www.loc.gov/MARC21/slim http://www.loc.gov/standards/marcxml/schema/MARC21slim.xsd"
    xmlns="http://www.loc.gov/MARC21/slim">

  <leader>01782nam a22002657a 4500</leader>
  <datafield tag="999" ind1=" " ind2=" ">
    <subfield code="c">21949</subfield>
    <subfield code="d">21949</subfield>
  </datafield>
  <controlfield tag="003">AR-CdUCM</controlfield>
  <controlfield tag="008">190425b           ||||| |||| 00| 0 spa d</controlfield>
  <datafield tag="040" ind1=" " ind2=" ">
    <subfield code="a">MUNICIPALIDAD PROVINCIAL DEL CUSCO</subfield>
    <subfield code="c">BIBLIOTECA MUNICIPAL DEL CUSCO</subfield>
  </datafield>
  <datafield tag="082" ind1=" " ind2=" ">
    <subfield code="a">El historiador/N&#xB0;04/2011</subfield>
  </datafield>
  <datafield tag="110" ind1=" " ind2=" ">
    <subfield code="a">Carrera profesional de Historia</subfield>
    <subfield code="9">46959</subfield>
  </datafield>
  <datafield tag="245" ind1=" " ind2=" ">
    <subfield code="a">El Historiador :</subfield>
    <subfield code="b">Revista cient&#xED;fica cultural /</subfield>
    <subfield code="c">Taller de Historia Andina</subfield>
  </datafield>
  <datafield tag="260" ind1=" " ind2=" ">
    <subfield code="a">Cusco :</subfield>
    <subfield code="b">UNSAAC,</subfield>
    <subfield code="b">Taller de Historia Andina,</subfield>
    <subfield code="c">2011.</subfield>
  </datafield>
  <datafield tag="300" ind1=" " ind2=" ">
    <subfield code="a">159 p&#xE1;ginas. :</subfield>
    <subfield code="b">ilustraciones ;</subfield>
    <subfield code="c">29 cm.</subfield>
  </datafield>
  <datafield tag="440" ind1=" " ind2=" ">
    <subfield code="a">El Historiador.</subfield>
    <subfield code="n">N&#xB0;4 semestre 2011-I</subfield>
    <subfield code="9">46962</subfield>
  </datafield>
  <datafield tag="505" ind1=" " ind2=" ">
    <subfield code="a">Contenido: Pintura mural cusque&#xF1;a una visi&#xF3;n general. -- Metalurgia en el antiguo Per&#xFA;. -- El ejercito Inca. -- Calca proceso de ocupaci&#xF3;n. -- Actividades econ&#xF3;micas en la colonia Cusco centro de producci&#xF3;n y comercio. -- Do&#xF1;a Francisca Pizarro hija de dos mundos. -- Situaci&#xF3;n de la mujer cusque&#xF1;a en la &#xE9;poca colonial en el Per&#xFA;. -- Participaci&#xF3;n de los Bethlemitas en la ciudad de Cusco. -- Creaci&#xF3;n del Obraje de Lucre. -- El pasqu&#xED;n como instrumento de la revoluci&#xF3;n 1814. -- La Mariscala. -- El Santuario del se&#xF1;or de Qoylloriti. -- La espera de un mes&#xED;as andino Taki Onqoy. -- El Santurantikuy. -- Terremoto de 1950 en el Cusco. -- I&#xF1;apari y la realidad fronteriza. -- la comunidad escondida de Sayhua. -- Bajada de Rey de San Pedro.</subfield>
  </datafield>
  <datafield tag="650" ind1=" " ind2=" ">
    <subfield code="a">Folklore cusque&#xF1;o</subfield>
    <subfield code="9">8693</subfield>
  </datafield>
  <datafield tag="650" ind1=" " ind2=" ">
    <subfield code="a">Identidad cultural</subfield>
    <subfield code="9">2943</subfield>
  </datafield>
  <datafield tag="650" ind1=" " ind2=" ">
    <subfield code="a">Terremoto 1950</subfield>
    <subfield code="9">46961</subfield>
  </datafield>
  <datafield tag="650" ind1=" " ind2=" ">
    <subfield code="a">Historia del Cusco</subfield>
    <subfield code="9">1714</subfield>
  </datafield>
  <datafield tag="650" ind1=" " ind2=" ">
    <subfield code="a">Ciencias Sociales</subfield>
    <subfield code="9">1096</subfield>
  </datafield>
  <datafield tag="710" ind1=" " ind2=" ">
    <subfield code="a">Universidad Nacional de San Antonio Abad del Cusco</subfield>
    <subfield code="9">15942</subfield>
  </datafield>
  <datafield tag="942" ind1=" " ind2=" ">
    <subfield code="2">ddc</subfield>
    <subfield code="c">PP</subfield>
  </datafield>
  <datafield tag="945" ind1=" " ind2=" ">
    <subfield code="a">rac</subfield>
  </datafield>
  <datafield tag="952" ind1=" " ind2=" ">
    <subfield code="0">0</subfield>
    <subfield code="2">ddc</subfield>
    <subfield code="4">0</subfield>
    <subfield code="7">0</subfield>
    <subfield code="a">HEM</subfield>
    <subfield code="b">HEM</subfield>
    <subfield code="c">CART</subfield>
    <subfield code="d">2022-01-13</subfield>
    <subfield code="e">Donaci&#xF3;n</subfield>
    <subfield code="g">10.00</subfield>
    <subfield code="o">El historiador/N&#xB0;04/2011</subfield>
    <subfield code="p">REVC000463</subfield>
    <subfield code="r">2022-01-13</subfield>
    <subfield code="y">PP</subfield>
  </datafield>
</record>
